| 000 | 00563nam a2200229 a 4500 | ||
|---|---|---|---|
| 999 |
_c4556 _d4556 |
||
| 001 | 4556 | ||
| 003 | BD-JhCC | ||
| 005 | 20171128173321.0 | ||
| 008 | 171128s1974 bg |||| ||a| 00| 0 eng d | ||
| 035 | _a(BD-JhCC)4556 | ||
| 040 |
_aBD-JhCC _dBD-JhCC |
||
| 041 | _aeng | ||
| 082 |
_a954.14 _bHAS 1974 |
||
| 100 | _aHashim, Abul | ||
| 245 |
_aIn Retrospection / _c Abul Hashim |
||
| 260 |
_aDhaka : _bMowla Brothers, _c1974. |
||
| 300 |
_a192 p. : _c23 cm. |
||
| 500 | _aInclude index | ||
| 650 | _aPolitics and gorernment | ||
| 942 |
_2ddc _cBK |
||